Los Andes, techo de América / (Record no. 26319)

MARC details
000 -LEADER
campo de control de longitud fija 00776nam a2200217 i 4500
001 - NÚMERO DE CONTROL
campo de control 26319
003 - IDENTIFICADOR DE NÚMERO DE CONTROL
campo de control ES-MaACL
005 - FECHA Y HORA DE LA ÚLTIMA TRANSACCIÓN
campo de control 20250730063052.0
007 - CAMPO FIJO DE DESCRIPCIÓN FÍSICA--INFORMACIÓN GENERAL
campo de control de longitud fija t|
008 - DATOS DE LONGITUD FIJA--INFORMACIÓN GENERAL
campo de control de longitud fija 030108s1958 sp ||||1| spa d
100 1# - ENTRADA PRINCIPAL--NOMBRE DE PERSONA
Nombre de persona Arthaud, Claude,
Fechas asociadas al nombre 1927-
9 (RLIN) 23458
245 14 - MENCIÓN DEL TÍTULO
Título Los Andes, techo de América /
Mención de responsabilidad, etc. fotografía y textos de Claude Arthaud y François Hébert-Stevens ; [traducción de Milagros Ortega].
250 ## - MENCION DE EDICION
Mención de edición [1ª ed.].
260 ## - PUBLICACIÓN, DISTRIBUCIÓN, ETC.
Lugar de publicación, distribución, etc. Barcelona :
Nombre del editor, distribuidor, etc. Juventud,
Fecha de publicación, distribución, etc. [1958]
300 ## - DESCRIPCIÓN FÍSICA
Extensión XXII, 187 p., 66 lám. ;
Dimensiones 29 cm.
650 #4 - PUNTO DE ACCESO ADICIONAL DE MATERIA--TÉRMINO DE MATERIA
Término de materia o nombre geográfico como elemento de entrada Indios de los Andes-
Subdivisión general Usos y costumbres-
Subdivisión de forma Obras ilustradas.
9 (RLIN) 165546
700 1# - ENTRADA AGREGADA--NOMBRE PERSONAL
Nombre de persona Hébert-Stevens, François.
9 (RLIN) 62265
700 1# - ENTRADA AGREGADA--NOMBRE PERSONAL
Nombre de persona Ortega, Milagros.
9 (RLIN) 87424
852 ## - LOCALIZACIÓN
Ubicación ES-MaACL
Número de control de estantería C-15354
Sublocalización o colección R.43209
Holdings
Estatus retirado Estado de pérdida Estado de daño No para préstamo Biblioteca de origen Biblioteca actual Ubicación en estantería Fecha de adquisición Fuente de adquisición Total de préstamos Signatura topográfica completa Código de barras Visto por última vez Precio de reemplazo Tipo de ítem Koha
        Biblioteca del Ateneo de Madrid Biblioteca del Ateneo de Madrid Ficheros 17/01/2008     C-15354 1027161 23/02/2023 23/02/2023 Libro impreso